Global Crisis and Reproduction of Capital

This Palgrave Pivot uses Marxian economic categories and analysis to explore the deeper causes of the 2008 global economic crisis, what the crisis represents for capitalism, and why fiscal and monetary policies pursued in its wake have failed to rejuvenate economies. With an innovative interpretatio...

Full description

Bibliographic Details
Main Author: Tombazos, Stavros (Author, http://id.loc.gov/vocabulary/relators/aut)
Corporate Author: SpringerLink (Online service)
Format: Electronic eBook
Language:English
Published: Cham : Springer International Publishing : Imprint: Palgrave Pivot, 2019.
Edition:1st ed. 2019.
Series:Palgrave Insights into Apocalypse Economics,
Subjects:
Online Access:Full Text via HEAL-Link
LEADER 03402nam a2200553 4500
001 978-3-030-05725-1
003 DE-He213
005 20190713091321.0
007 cr nn 008mamaa
008 190128s2019 gw | s |||| 0|eng d
020 |a 9783030057251  |9 978-3-030-05725-1 
024 7 |a 10.1007/978-3-030-05725-1  |2 doi 
040 |d GrThAP 
050 4 |a HB172.5 
072 7 |a KCB  |2 bicssc 
072 7 |a BUS039000  |2 bisacsh 
072 7 |a KCB  |2 thema 
072 7 |a KCBM  |2 thema 
082 0 4 |a 339  |2 23 
100 1 |a Tombazos, Stavros.  |e author.  |4 aut  |4 http://id.loc.gov/vocabulary/relators/aut 
245 1 0 |a Global Crisis and Reproduction of Capital  |h [electronic resource] /  |c by Stavros Tombazos. 
250 |a 1st ed. 2019. 
264 1 |a Cham :  |b Springer International Publishing :  |b Imprint: Palgrave Pivot,  |c 2019. 
300 |a XI, 90 p. 23 illus., 21 illus. in color.  |b online resource. 
336 |a text  |b txt  |2 rdacontent 
337 |a computer  |b c  |2 rdamedia 
338 |a online resource  |b cr  |2 rdacarrier 
347 |a text file  |b PDF  |2 rda 
490 1 |a Palgrave Insights into Apocalypse Economics,  |x 2523-8108 
505 0 |a Chapter 1: Introduction -- Chapter 2: Profitability, Accumulation and Industrial Capital -- Chapter 3: Private Consumption, Wage Share of GDP and Reproduction Schemas -- Chapter 4: Money Capital, Fictitious Capital and "Toxic" Capital -- Chapter 5: Economic Policies and Economic Perspectives -- Chapter 6: Conclusion. 
520 |a This Palgrave Pivot uses Marxian economic categories and analysis to explore the deeper causes of the 2008 global economic crisis, what the crisis represents for capitalism, and why fiscal and monetary policies pursued in its wake have failed to rejuvenate economies. With an innovative interpretation of the crisis and a focus on 'toxic capital' - a sub-division of Karl Marx's concept of fictitious capital - Tombazos examines the specificities of economic reproduction under neoliberalism and financialisation. Stavros Tombazos is Associate Professor of Political Economy and German Political Philosophy at the Department of Social and Political Sciences, University of Cyprus, Cyprus. His research interests include social class and inequality, theories of the state, nationalism, racism, and immigration. 
650 0 |a Macroeconomics. 
650 0 |a Financial crises. 
650 0 |a Capital market. 
650 0 |a Schools of economics. 
650 0 |a Economic policy. 
650 1 4 |a Macroeconomics/Monetary Economics//Financial Economics.  |0 http://scigraph.springernature.com/things/product-market-codes/W32000 
650 2 4 |a Financial Crises.  |0 http://scigraph.springernature.com/things/product-market-codes/617010 
650 2 4 |a Capital Markets.  |0 http://scigraph.springernature.com/things/product-market-codes/616000 
650 2 4 |a Heterodox Economics.  |0 http://scigraph.springernature.com/things/product-market-codes/W53000 
650 2 4 |a Economic Policy.  |0 http://scigraph.springernature.com/things/product-market-codes/W34010 
710 2 |a SpringerLink (Online service) 
773 0 |t Springer eBooks 
776 0 8 |i Printed edition:  |z 9783030057244 
776 0 8 |i Printed edition:  |z 9783030057268 
830 0 |a Palgrave Insights into Apocalypse Economics,  |x 2523-8108 
856 4 0 |u https://doi.org/10.1007/978-3-030-05725-1  |z Full Text via HEAL-Link 
912 |a ZDB-2-ECF 
950 |a Economics and Finance (Springer-41170)